The Amrtasiddhi And Amrtasiddhimula: (Record no. 195196)

MARC details
000 -LEADER
fixed length control field 00662nam a22002057a 4500
005 - DATE AND TIME OF LATEST TRANSACTION
control field 20230403171929.0
010 ## - LCCN (DPL NO)
LC control number ENG-136340
020 ## - INTERNATIONAL STANDARD BOOK NUMBER
International Standard Book Number 9782855392455
Terms of availability 655.00
035 ## - SYSTEM CONTROL NUMBER
System control number EN-119872
037 ## - SOURCE OF ACQUISITION
Source of stock number/acquisition DBAD/PUB
082 ## - DEWEY DECIMAL CLASSIFICATION NUMBER
Classification number 613.70
245 ## - TITLE STATEMENT
Title The Amrtasiddhi And Amrtasiddhimula:
Remainder of title The Earliest Texts Of THe Hathyog Tradition/
Statement of responsibility, etc Edited by Mallinson,James and Szanto,Peter
260 ## - PUBLICATION, DISTRIBUTION, ETC. (IMPRINT)
Place of publication, distribution, etc Pondicherry
Name of publisher, distributor, etc Pondicherry Centre Of The EFEO
270 ## - ADDRESS
Address Pondicherry Centre Of The EFEO, Pondicherry
300 v# - PHYSICAL DESCRIPTION
Extent xi, 203p.;
Dimensions 24cm(Hb)
700 ## - ADDED ENTRY--PERSONAL NAME
Personal name Mallinson
700 ## - ADDED ENTRY--PERSONAL NAME
Personal name James
700 ## - ADDED ENTRY--PERSONAL NAME
Personal name Szanto, Peter
942 ## - ADDED ENTRY ELEMENTS (KOHA)
Source of classification or shelving scheme Dewey Decimal Classification
Item type English Books
Call number suffix AMR
Classification part 613.70
Holdings
Withdrawn status Lost status Not for loan Collection code Home library Current library Date acquired Source of acquisition Cost, normal purchase price Full call number Barcode Copy number Cost, replacement price Koha item type
      Non-fiction Ashok Vihar Ashok Vihar 06/03/2023 DBAB/PUB 655.00 613.70 AMR EN-119872 1 655.00 English Books

© Delhi Public Library
Hit Counter
free hit counter